Nonlinear programming : (Record no. 29535)
[ view plain ]
| 000 -LEADER | |
|---|---|
| fixed length control field | 00651 a2200193 4500 |
| 020 ## - INTERNATIONAL STANDARD BOOK NUMBER | |
| International Standard Book Number | 0471486000 |
| 020 ## - INTERNATIONAL STANDARD BOOK NUMBER | |
| International Standard Book Number | 9780471486008 |
| 082 ## - DEWEY DECIMAL CLASSIFICATION NUMBER | |
| Classification number | 519.76 |
| 090 ## - LOCALLY ASSIGNED LC-TYPE CALL NUMBER (OCLC); LOCAL CALL NUMBER (RLIN) | |
| -- | 913 |
| -- | 913 |
| 100 1# - MAIN ENTRY--PERSONAL NAME | |
| Personal name | Bazaraa, Mokhtar S. |
| 245 10 - TITLE STATEMENT | |
| Title | Nonlinear programming : |
| Remainder of title | theory and algorithms / |
| Statement of responsibility, etc. | Mokhtar S. Bazaraa, Hanif D. Sherali, C. M. Shetty. |
| 250 ## - EDITION STATEMENT | |
| Edition statement | 3rd ed. |
| 260 ## - PUBLICATION, DISTRIBUTION, ETC. | |
| Place of publication, distribution, etc. | [S.l.] : |
| Name of publisher, distributor, etc. | Wiley-Interscience, |
| Date of publication, distribution, etc. | 2006. |
| 300 ## - PHYSICAL DESCRIPTION | |
| Extent | 872 p. ; |
| Dimensions | 24 cm. |
| 700 ## - ADDED ENTRY--PERSONAL NAME | |
| Personal name | Sherali, Hanif |
| 700 ## - ADDED ENTRY--PERSONAL NAME | |
| Personal name | Shetty, C. |
| 942 ## - ADDED ENTRY ELEMENTS (KOHA) | |
| Institution code [OBSOLETE] | SNS |
| Koha item type | Book |
| Call number prefix | 519.76 BAZ |
| Withdrawn status | Lost status | Damaged status | Not for loan | Permanent Location | Current Location | Date acquired | Total Checkouts | Full call number | Barcode | Date last seen | Price effective from | Koha item type |
|---|---|---|---|---|---|---|---|---|---|---|---|---|
| School of Natural Sciences (SNS) | School of Natural Sciences (SNS) | 05/26/2016 | 519.76 BAZ | SNS0001083 | 05/26/2016 | 05/26/2016 | Book |
